Names in the Bible that start with 'H' - Statistics

General Stats
  • This quiz has been taken 46 times
    41 since last reset
  • The average score is 3 of 17
Answer Stats
Answer % Correct
Hannah
69%
Herod
46%
Hosea
38%
Habakkuk
26%
Hezekiah
18%
Haggai
15%
Haman
13%
Hul
13%
Huldah
10%
Hezron
5%
Hephzibah
3%
Haniel
0%
Hermas
0%
Hiram
0%
Hod
0%
Hoglah
0%
Huzzab
0%
No matching quizzes found
Score Distribution
Percent of People with Each Score
Percentile by Number Answered
Your Score History
You have not taken this quiz since the last reset